000
00331 a2200145 4500
001
155711
040
_c
Escola São Tomás de Aquino
240
1
0
_a
O Novo Testamento
_l
por
245
1
0
_a
O Novo Testamento
300
_a
313
362
0
_a
2002
440
1
_a
Sociedade Bíblica do Brasil
697
_a
Novo Testamento
942
_c
BK
999
_c
155711
_d
155711